Průmyslové vzory v resortu průmyslu ČSR

Saved in:
Bibliographic Details
Main Author: Cudlín, Miroslav
Other Authors: Lankaš, Zdeněk
Format: Book
Language:Czech
Published: Praha Inst. pro výchovu ved. prac. MP ČSR 1988
Edition:1. vyd.
Tags: Add Tag
No Tags, Be the first to tag this record!

MARC

LEADER 00000nam a2200000 4500
001 c028409
005 20221219085612.6
041 0 |a cze 
044 |a CZ 
245 1 0 |a Průmyslové vzory v resortu průmyslu ČSR  |c Miroslav Cudlín, Zdeněk Lankaš 
250 |a 1. vyd. 
264 1 |a Praha  |b Inst. pro výchovu ved. prac. MP ČSR  |c 1988 
300 |a 237 s. 
100 1 |a Cudlín, Miroslav 
700 1 |a Lankaš, Zdeněk